| 000 | 01164cam a2200349 a 4500 | ||
|---|---|---|---|
| 003 | CHAP | ||
| 005 | 20220329142131.0 | ||
| 008 | 990903d1999 mx a r 00010 spa d | ||
| 010 | _a78968 | ||
| 011 | _a79940 | ||
| 020 | _a9701702581 | ||
| 035 | _a90368 | ||
| 040 | _cCHAP | ||
| 082 | 0 | 4 |
_a691.7 _bG3Y |
| 100 | 0 | 0 |
_aGalambos, Theodore V. _944193 |
| 245 | 1 | 0 |
_aDiseño de estructuras de acero con LRFD _c/por Theodore V. Galambos, F. J. Lin y Bruce G. Johnston |
| 260 |
_aMéxico, D.F. : _bPrentice Hall, _c1999. |
||
| 300 |
_a320 p. : _bilus. ; gráfs. |
||
| 590 |
_aBATCH-UPD _b10 _c20130110 _lUCH01 _h0345 |
||
| 590 |
_aBATCH-UPD _b10 _c20130110 _lUCH01 _h1941 |
||
| 590 |
_aBATCH-UPD _b10 _c20130410 _lUCH01 _h0018 |
||
| 590 |
_aBATCH-UPD _b10 _c20130913 _lUCH01 _h1903 |
||
| 590 |
_aCONVERSION _b10 _c20130109 _lUCH01 _h1344 |
||
| 650 | 1 | 4 |
_aAcero estructural. _9487 |
| 650 | 1 | 4 |
_aConstrucción de hierro y acero. _927392 |
| 700 | 0 |
_aJohnston, Bruce G. _961890 |
|
| 700 | 0 |
_aLin F. J. _966887 |
|
| 901 | _aBK | ||
| 905 | _aBlanca M. García O. | ||
| 942 | _cLIBRO | ||
| 949 |
_a691.7 G3Y _bBC _cLIBRO _d33724000736773 _eLIBRO _gI. 199152 _h96341 _i90368 _si _t$114.00 |
||
| 999 |
_c78968 _d78968 |
||